East China - opportunity for UK businesses (Record no. 68729)

MARC details
000 -LEADER
fixed length control field 01034cam a2200205 4500
001 - CONTROL NUMBER
control field WB3741-15
008 - FIXED-LENGTH DATA ELEMENTS--GENERAL INFORMATION
fixed length control field 011031n2001 000 0 eng u
035 ## - SYSTEM CONTROL NUMBER
System control number (Sirsi) u115410
245 ## - TITLE STATEMENT
Title East China - opportunity for UK businesses
260 ## - PUBLICATION, DISTRIBUTION, ETC.
Date of publication, distribution, etc. 2001
490 ## - SERIES STATEMENT
Series statement DTI Press Release
Volume/sequential designation (P/2001/586) 25 October 2001 (2)
520 ## - SUMMARY, ETC.
Summary, etc. Minister for Energy and Industry says that UK businesses are well-placed to win contracts worth billions of pounds in Shanghai and East China. This follows the launch of a new brochure by the British Consulate-General in Shanghai which outlines current opportunities in the area. Contact should be made through the British Consulate on http://www.britishconsulate.sh.cn or by fax at 0086 21 6279 765. The brochure will shortly be available on the Internet. DTI press release available at http://213.38.88.195/coi/coipress.nsf/gti
590 ## - LOCAL NOTE (RLIN)
Local note WB
650 ## - SUBJECT ADDED ENTRY--TOPICAL TERM
Topical term or geographic name entry element DTI
650 ## - SUBJECT ADDED ENTRY--TOPICAL TERM
Topical term or geographic name entry element SHANGHAI
650 ## - SUBJECT ADDED ENTRY--TOPICAL TERM
Topical term or geographic name entry element CHINA
650 ## - SUBJECT ADDED ENTRY--TOPICAL TERM
Topical term or geographic name entry element BUSINESS OPPORTUNITIES
690 ## - LOCAL SUBJECT ADDED ENTRY--TOPICAL TERM (OCLC, RLIN)
Topical term or geographic name as entry element INTERNATIONAL-ASIA
942 ## - ADDED ENTRY ELEMENTS (KOHA)
Suppress in OPAC 0
Holdings
Withdrawn status Lost status Source of classification or shelving scheme Damaged status Not for loan Home library Current library Shelving location Date acquired Total Checkouts Full call number Barcode Date last seen Copy number Price effective from Koha item type
    Dewey Decimal Classification     London London News article 31/10/2001   WB3741-15 115410-1001 06/08/2019 1 06/08/2019 News article